INTRODUCTION TO PHYSIAL META. (Record no. 740732)

MARC details
000 -LEADER
fixed length control field 00238nam a2200097Ia 4500
008 - FIXED-LENGTH DATA ELEMENTS--GENERAL INFORMATION
fixed length control field 230508s2000 xx 000 0 und d
041 ## - LANGUAGE CODE
Language code of text/sound track or separate title eng
100 ## - MAIN ENTRY--PERSONAL NAME
Personal name SIDNEY H.AVNER
245 ## - TITLE STATEMENT
Title INTRODUCTION TO PHYSIAL META.
260 ## - PUBLICATION, DISTRIBUTION, ETC.
Name of publisher, distributor, etc. TATA MCG
Date of publication, distribution, etc. 2000

No items available.